000 00597cam a22002053a 4500
001 37980
003 PGUSA
005 20140828083832.0
008 111111s2011||||xxu|||||s|||||000 | eng d
040 _aPGUSA
_beng
042 _adc
100 1 _aLongfellow, Henry Wadsworth,
_d1807-1882
245 1 2 _aA Day With Longfellow
_h[electronic resource] /
_cHenry Wadsworth Longfellow
260 _bProject Gutenberg,
_c2011
506 _aPublic domain in the USA.
516 _aElectronic text
830 0 _aProject Gutenberg
_v37980
856 4 0 _uhttp://www.gutenberg.org/ebooks/37980
942 _cEB
999 _c267234
_d267234